000 00263nam a22001217a 4500
008 170918b xxu||||| |||| 00| 0 eng d
041 _aeng
080 _a77
100 _a44
101 _aART
245 _aIN THE BALKANS PHOTOGRAPS
_cVIVIANO,F
942 _2udc
_cBK
999 _c28122
_d28122